Statistics for Oregon Ducks Football Roster 2021

Click here to take the quiz!

General Stats

  • This quiz has been taken 31 times
  • The average score is 32 of 106

Answer Stats

HintAnswer% Correct
QBAnthony Brown
88%
WRJohnny Johnson III
79%
ILBNoah Sewell
79%
ILBKeith Brown
75%
KCamden Lewis
71%
OLDevin Lewis
71%
TEDJ Johnson
71%
DEKayvon Thibodeaux
71%
RBTravis Dye
71%
QBTy Thompson
71%
RBCJ Verdell
63%
WRDevon Williams
63%
QBJay Butterfield
63%
ILBJustin Flowe
63%
SBennett Williams
58%
DLKeanu Williams
58%
WRKorbin Williams
58%
DTKristian Williams
58%
CBMykael Wright
58%
TESpencer Webb
58%
QBRobby Ashford
54%
PTom Snee
54%
WRTroy Franklin
54%
WRJaylen Redd
50%
WRMycah Pittman
50%
TEPatrick Herbert
50%
RBSean Dollars
50%
CBDJ James
46%
CBDontae Manning
46%
KHenry Kattleman
46%
SJamal Hill
46%
WRDonte Thornton
38%
DTJayson Jones
38%
WRKris Hutson
38%
OLSteven Jones
38%
OLBAdrian Jackson
33%
OLAlex Forsyth
33%
DTBrandon Dorlus
33%
CB/WRBryan Addison
33%
OL/DTJaylen Smith
33%
OLRyan Walk
33%
TETerrance Ferguson
33%
OLT.J. Bass
33%
SVerone Mckinley III
33%
OLBMase Funa
29%
TECam Mccormick
25%
SJeffrey Bassa
25%
SJordan Happle
25%
TEMoliki Matavao
25%
RBTrey Benson
25%
CBTrikweze Bridges
25%
OLGeorge Moore
21%
ILBJackson Laduke
21%
DEBradyn Swinson
17%
OLDawson Jaramillo
17%
ILBDru Mathis
17%
WRJosh delgado
17%
LSKarsten Battles
17%
DTKeyon Ware-Hudson
17%
OLLogan Sagapolu
17%
DTPopo Aumavae
17%
SSteve Stephens IV
17%
WRTevin Jeannis
17%
QBBradley Yaffe
13%
OLChris Randazzo
13%
RBCross Patton
13%
SDaymon David
13%
OLFaaope Laloulu
13%
ILBIsaac Slade-Matautia
13%
WRIsaah Crocker
13%
OLJackson Light
13%
WRJack Vecchi
13%
OLBJaden Navarrette
13%
DTJake Shipley
13%
SJJ Greenfield
13%
OLKingsley Suamataia
13%
WRLance Wilhoite
13%
SLucas Noland
13%
OLMalaesala Aumavae-Laulu
13%
OLMarcus Harper II
13%
SMarko Vidackovic
13%
SMax Wysocki
13%
LSPeyton Yanagi
13%
PRace Mahlum
13%
WRSpencer Curtis
13%
ILBTJ Gilbert
13%
OLBTreven Ma'ae
13%
OLBram Walden
8%
OLCole Young
8%
TECooper Shults
8%
K/PHarrison Beattie
8%
LSJake Foggia
8%
OLJaylan Jeffers
8%
CBJaylin Davies
8%
OLJonathan Denis
8%
DTMaceal Afaese
8%
ILBSampson Niu
8%
DTSua'Ava Poti
8%
KTaylor Koth
8%
TETyler Nanney
8%
OLBAndrew Faoliu
4%
OLJonah Tauanu'u
4%
OLKai Arneson
4%
DLLouie Cresto
4%
DLMiguel Nevarez
4%
ILBNate Heaukulani
4%

Score Distribution

Percentile by Number Answered

Percent of People with Each Score

Your Score History

You have not taken this quiz